Gastos militares y sociales en el mundo
Guardat en:
| Autor principal: | |
|---|---|
| Autor corporatiu: | |
| Format: | Text |
| Publicat: |
Barcelona:
Ediciones del Serbal
|
| Etiquetes: |
Afegir etiqueta
Sense etiquetes, Sigues el primer a etiquetar aquest registre!
|
MARC
| LEADER | 00000 a a2200000 04500 | ||
|---|---|---|---|
| 001 | 23070 | ||
| 003 | |||
| 040 | |||
| 020 | |a 84-7628-022-X | ||
| 090 | |a 159100 | ||
| 100 | |a Leger Sivard, Ruth | ||
| 110 | |a Centro de investigación para la Paz | ||
| 245 | |a Gastos militares y sociales en el mundo | ||
| 260 | |a Barcelona: |b Ediciones del Serbal | ||
| 300 | |a 80 p |b **no definido** |b fonodiscos | ||
| 999 | |c 15808 |d 15808 | ||



